| 000 | 00645nam a2200205Ia 4500 | ||
|---|---|---|---|
| 003 | GCL | ||
| 008 | 140319s9999 xx 000 0 ara d | ||
| 040 |
_aGCL / _cGCL |
||
| 082 | 0 | 4 |
_a808.3 _bي م |
| 100 | 1 | _aيوسف سامى اليوسف | |
| 245 | 1 | 0 |
_aمقال فى الرواية / _cيوسف سامى اليوسف |
| 250 | _aالاولى | ||
| 260 |
_aسوريا : _bدار كنعان للدراسات والنشر ، _c2002 |
||
| 300 |
_a179 ص ؛ _c20 سم |
||
| 650 | 0 | 4 | _aالقصة |
| 650 | 0 | 4 | _aالقصص الفرنسية |
| 650 | 0 | 4 | _aالقصص الروسية |
| 650 | 0 | 4 | _aالقصص الامريكية |
| 942 |
_2ddc _cBK |
||
| 999 |
_c33383 _d33383 |
||